Countries bordering Tanzania (in clockwise order) - Statistics

General Stats
  • This quiz has been taken 37 times
  • The average score is 6 of 7
Answer Stats
country % Correct
Malawi
97%
Zambia
97%
Burundi
94%
Dem Rep Congo
94%
Rwanda
90%
Uganda
90%
Kenya
87%
No matching quizzes found
Score Distribution
Percent of People with Each Score
Percentile by Number Answered
Your Score History
You have not taken this quiz